Red Sox Players Receiving MVP Votes since 2004 - Statistics

General Stats
  • This quiz has been taken 95 times
  • The average score is 14 of 24
Answer Stats
Year (position) Answer % Correct
2005 (2nd) David Ortiz
100%
2018 (1st) Mookie Betts
91%
2018 (4th) J.D. Martinez
90%
2009 (21st) Victor Martinez
90%
2008 (1st) Dustin Pedroia
89%
2004 (3rd) Manny Ramirez
87%
2021 (11th) Rafael Devers
83%
2024 (8th) Jarren Duran
77%
2019 (5th) Xander Bogaerts
76%
2017 (9th) Chris Sale
66%
2011 (2nd) Jacoby Ellsbury
61%
2004 (11th) Curt Schilling
60%
2008 (3rd) Kevin Youkilis
57%
2005 (21st) Jason Varitek
53%
2005 (13th) Johnny Damon
46%
2007 (22nd) Josh Beckett
43%
2011 (7th) Adrian Gonzalez
41%
2010 (9th) Adrian Beltre
40%
2007 (5th) Mike Lowell
40%
2013 (22nd) Shane Victorino
39%
2020 (12th) Alex Verdugo
31%
2013 (19th) Koji Uehara
31%
2009 (7th) Jason Bay
30%
2021 (15th) Nathan Eovaldi
27%
No matching quizzes found
Score Distribution
Percent of People with Each Score
Percentile by Number Answered
Your Score History
You have not taken this quiz